000 00426nam a2200181Ia 4500
001 24105
005 20260414151021.0
008 260414t2017||||xx |||||||||||||| ||spa||
041 _aESP
082 _a780.9
_bD283
100 _aDufourcq, Norbert
_eAUT
245 0 _aBreve historia de la música
_b
260 _c2017
300 _a260 páginas :
_c17 cm.
650 _aABD
654 _aCAU
942 _cLIB
_dJUS
_fJUS
_2ddc
_n
999 _c24105
_d24105